Statystyki dla Co to za zwierzę - Quiz dla Kolegi Ignacego

Kliknij tutaj aby rozwiązać quiz!

Ogólne statystyki

  • Ten quiz został rozwiązany 532 razy
  • Średni wynik to 9 z 15

Statystyki odpowiedzi

HintOdpowiedź% Poprawnych
Największe zwierze lądoweSłoń
96%
Żyje w polskiej Puszczy BiałowieskiejŻubr
91%
Różowy ptakFlaming
88%
Żywi się mrówkamiMrówkojad
81%
Żyje na pustyni,może być jedno lub dwu garbnyWielbłąd
81%
Pojawia się w lasach , ma bardzo duże i szerokie rogiJeleń
78%
Ostatnio zginęło około 80 .........., podczas pożarów w AustraliiKoala
78%
Czarno-biały niedżwiedż, żyjący w Azji, żywiący się bambusemPanda
78%
Największe zwierze na naszej planeciePłetwal błękitny
65%
Ptak z kolorowym dziobem [raczej żółtym] i z czarnym tułowiemTukan
61%
Ptak który ma nazwę tak jak pewien owocKiwi
57%
Najbardziej inteligentne zwierze na świecieCzłowiek
46%
Występuje w różnych gatunkach,jeden z gatunków (Sumatrzański) jest zagrożonyNosorożec
11%
Ptak,który swoją nazwę zawdzięcza swojemu dziobowiDzioborożec
8%
Jest,szybki,biały z czarnym ogonem, jest zagrożony, żyje w lasach m.in polskichGronostaj
3%

Rozkład punktacji

Percentyl według liczby udzielonych odpowiedzi

Procent ludzi z każdym wynikiem

Twoja historia wyników

Nie rozwiązałeś tego quizu